[Event "Niedersachsen-ch open"]
[Site "Verden"]
[Date "2010.01.05"]
[Round "5.17"]
[White "Hagemann, Sven"]
[Black "Gruender, Michael"]
[Result "1/2-1/2"]
[WhiteElo "2019"]
[BlackElo "1980"]
[PlyCount "100"]
[EventDate "2010.01.03"]
[EventType "swiss"]
[EventRounds "7"]
[EventCountry "GER"]
[SourceTitle "EXT 2012"]
[Source "ChessBase"]
[SourceDate "2011.11.24"]
[SourceVersion "1"]
[SourceVersionDate "2011.11.24"]
[SourceQuality "1"]

1. e4 c5 2. Nf3 Nc6 3. d4 cxd4 4. Nxd4 Qb6 5. Nb3 Nf6 6. Nc3 e6 7. Be3 Qc7 8. a3 a6 9. Be2 b5 10. f4 d6 11. 0-0 Be7 12. Qe1 Bb7 13. Kh1 h5 14. Bf3 Ng4 15. Bg1 Bf6 16. Rd1 Rc8 17. Nd4 Bxd4 18. Bxd4 Nxd4 19. Rxd4 e5 20. Rd2 Qc5 21. Bxg4 hxg4 22. Qg3 Rh6 23. Nd5 Bxd5 24. exd5 Qc4 25. Re1 Rf6 26. Qxg4 Rxf4 27. Qd1 Ke7 28. c3 Rh8 29. h3 g5 30. Rd4 Rxd4 31. cxd4 Qxd5 32. Qg4 f6 33. Rc1 Kf7 34. Qf5 Qb7 35. d5 Qe7 36. Rc6 Kg7 37. Qc2 Rd8 38. Rxa6 e4 39. Rc6 Rd7 40. Qe2 Kg6 41. Qxb5 Rb7 42. Qe2 Qe5 43. b4 Qxd5 44. Rc8 Re7 45. b5 Qd4 46. Rh8 Qa1+ 47. Kh2 Qe5+ 48. Kh1 Qa1+ 49. Kh2 Qe5+ 50. Kh1 Qa1+ 1/2-1/2

[Event "Niedersachsen-ch open"]
[Site "Verden"]
[Date "2010.01.05"]
[Round "6.21"]
[White "Poelig, Juergen"]
[Black "Hagemann, Sven"]
[Result "1-0"]
[WhiteElo "1807"]
[BlackElo "2019"]
[PlyCount "40"]
[EventDate "2010.01.03"]
[EventType "swiss"]
[EventRounds "7"]
[EventCountry "GER"]
[SourceTitle "EXT 2012"]
[Source "ChessBase"]
[SourceDate "2011.11.24"]
[SourceVersion "1"]
[SourceVersionDate "2011.11.24"]
[SourceQuality "1"]

1. e4 c5 2. c3 d5 3. exd5 Qxd5 4. d4 Nf6 5. Nf3 Bg4 6. Be2 cxd4 7. cxd4 e6 8. 0-0 Nc6 9. h3 Bh5 10. Nc3 Qa5 11. a3 Bd6 12. Be3 a6 13. b4 Qd8 14. Na4 Nd5 15. Rc1 Nce7 16. Nc5 Qb6 17. Qb3 Nxe3 18. fxe3 Nc6 19. Kh1 Rc8 20. Nxe6 Be7 1-0

[Event "Augsburg Afro op"]
[Site "Augsburg"]
[Date "2003.08.09"]
[Round "5"]
[White "Hagemann, Sven"]
[Black "Bauer, Bernd"]
[Result "0-1"]
[WhiteElo "1956"]
[BlackElo "1893"]
[PlyCount "132"]
[EventDate "2003.08.06"]
[EventType "swiss"]
[EventRounds "7"]
[EventCountry "GER"]
[SourceTitle "EXT 2006"]
[Source "ChessBase"]
[SourceDate "2005.11.24"]
[SourceVersion "1"]
[SourceVersionDate "2005.11.24"]
[SourceQuality "1"]

1. e4 c5 2. Nc3 d6 3. g3 g6 4. Bg2 Bg7 5. f4 Nc6 6. d3 e6 7. Nf3 Nge7 8. 0-0 0-0 9. Be3 Rb8 10. Rb1 b6 11. Ne2 d5 12. exd5 exd5 13. d4 Nf5 14. Bf2 Qd6 15. c3 Ba6 16. Re1 Nfe7 17. Ne5 cxd4 18. cxd4 f6 19. Nxc6 Nxc6 20. Nc3 Nb4 21. Bf1 Bxf1 22. Kxf1 Nc6 23. Qb3 Rbd8 24. Re2 f5 25. Nb5 Qd7 26. Rbe1 Na5 27. Qb4 Nc6 28. Qa3 a5 29. Qb3 Nb4 30. a4 Rfe8 31. Rxe8+ Rxe8 32. Rxe8+ Qxe8 33. Qe3 Qe4 34. Qxe4 dxe4 35. Ke2 Nd5 36. Nc3 Nc7 37. d5 Bxc3 38. d6 Nd5 39. bxc3 Kf7 40. Bd4 Ke6 41. c4 Nf6 42. Bxb6 Kxd6 43. Bxa5 Kc5 44. Bd8 Nd7 45. a5 Nb8 46. h3 Kxc4 47. Bc7 Na6 48. Bb6 Kb5 49. g4 Nb4 50. gxf5 gxf5 51. Bc7 Nd5 52. Be5 Kxa5 53. Kf2 Kb4 54. Ke2 Kc4 55. Bb8 Nb4 56. Kd2 Nc6 57. Bc7 Kd4 58. Bb6+ Kd5 59. Ke3 Kc4 60. Kd2 Ne7 61. Bc7 e3+ 62. Ke2 Kd4 63. Bb6+ Ke4 64. Bxe3 Nd5 65. Bc1 Nxf4+ 66. Kf2 Nd3+ 0-1

[Event "Augsburg Afro op"]
[Site "Augsburg"]
[Date "2003.08.09"]
[Round "6"]
[White "Schoernig, Franz Josef"]
[Black "Hagemann, Sven"]
[Result "0-1"]
[WhiteElo "1682"]
[BlackElo "1956"]
[PlyCount "106"]
[EventDate "2003.08.06"]
[EventType "swiss"]
[EventRounds "7"]
[EventCountry "GER"]
[SourceTitle "EXT 2006"]
[Source "ChessBase"]
[SourceDate "2005.11.24"]
[SourceVersion "1"]
[SourceVersionDate "2005.11.24"]
[SourceQuality "1"]

1. c4 Nf6 2. d4 e6 3. Nc3 d5 4. Bg5 Be7 5. e3 0-0 6. Nf3 b6 7. Bd3 Bb7 8. Bxf6 Bxf6 9. Qc2 g6 10. Ne5 dxc4 11. Nxc4 Nd7 12. 0-0 c5 13. dxc5 Nxc5 14. Rfd1 Qe7 15. Rac1 Nxd3 16. Qxd3 Rfd8 17. Qb1 Rxd1+ 18. Rxd1 Bxc3 19. bxc3 Qg5 20. g3 Qg4 21. Nd2 Qh3 22. e4 Rd8 23. f3 Ba6 24. Nf1 Rxd1 25. Qxd1 Qxf1+ 26. Qxf1 Bxf1 27. Kxf1 Kf8 28. Ke2 Ke7 29. e5 Kd7 30. Kd3 Kc6 31. Kd4 Kb5 32. f4 a5 33. c4+ Kb4 34. h4 h5 35. a3+ Kxa3 36. c5 bxc5+ 37. Kxc5 Kb3 38. Kd6 Kc4 39. Ke7 a4 40. Kxf7 Kd5 41. Kxg6 a3 42. Kxh5 a2 43. g4 a1Q 44. g5 Qd1+ 45. Kh6 Qg4 46. g6 Qxh4+ 47. Kg7 Qxf4 48. Kg8 Kxe5 49. g7 Kf6 50. Kh7 Qf5+ 51. Kh8 Qh5+ 52. Kg8 Qf7+ 53. Kh8 Qxg7# 0-1

[Event "Oberliga NRW 8788 II"]
[Site "Germany"]
[Date "1988.??.??"]
[Round "8"]
[White "Hagemann, Sven"]
[Black "Kondziela, Andreas"]
[Result "1-0"]
[WhiteElo "1910"]
[BlackElo "1765"]
[PlyCount "55"]
[EventDate "1987.10.??"]
[EventType "team"]
[EventRounds "9"]
[EventCountry "GER"]
[SourceTitle "EXT 1997"]
[Source "ChessBase"]
[SourceDate "1996.11.15"]
[SourceVersion "1"]
[SourceVersionDate "1996.11.15"]
[SourceQuality "1"]
[WhiteTeam "Neuenkirchen"]
[BlackTeam "Bielefeld"]
[WhiteTeamCountry "GER"]
[BlackTeamCountry "GER"]

1. c4 g6 2. Nf3 Bg7 3. g3 d6 4. Bg2 e5 5. d4 Nd7 6. Nc3 Ngf6 7. 0-0 0-0 8. e4 c6 9. dxe5 dxe5 10. Be3 Qe7 11. h3 h6 12. Qd2 Kh7 13. Rad1 Ne8 14. Nh4 f5 15. exf5 gxf5 16. Nxf5 Rxf5 17. Qc2 Ndf6 18. g4 Kh8 19. gxf5 Qf7 20. Ne2 Nh5 21. Ng3 Nf4 22. Qe4 Nf6 23. Rd8+ Kh7 24. Qxe5 Nxg2 25. Kxg2 Ng4 26. Qe8 Nxe3+ 27. fxe3 Qxc4 28. Qg6# 1-0

[Event "Oberliga NRW 8788 II"]
[Site "Germany"]
[Date "1988.??.??"]
[Round "8"]
[White "Schubert, W."]
[Black "Hagemann, Sven"]
[Result "1/2-1/2"]
[WhiteElo "1895"]
[BlackElo "1910"]
[PlyCount "35"]
[EventDate "1987.10.??"]
[EventType "team"]
[EventRounds "9"]
[EventCountry "GER"]
[SourceTitle "EXT 1997"]
[Source "ChessBase"]
[SourceDate "1996.11.15"]
[SourceVersion "1"]
[SourceVersionDate "1996.11.15"]
[SourceQuality "1"]
[WhiteTeam "Essen Borbeck"]
[BlackTeam "Neuenkirchen"]
[WhiteTeamCountry "GER"]
[BlackTeamCountry "GER"]

1. d4 Nf6 2. c4 e6 3. Nc3 Bb4 4. e3 c5 5. Bd3 Nc6 6. Nf3 d6 7. Qc2 e5 8. dxe5 dxe5 9. Ng5 h6 10. Nge4 Nxe4 11. Bxe4 Be6 12. b3 f5 13. Bxc6+ bxc6 14. 0-0 0-0 15. Bb2 Qe7 16. Ne2 Rad8 17. Rad1 Bc8 18. Rxd8 1/2-1/2

[Event "Oberliga NRW 8788 II"]
[Site "Germany"]
[Date "1987.??.??"]
[Round "8"]
[White "Kremer, Hans Georg"]
[Black "Hagemann, Sven"]
[Result "1/2-1/2"]
[WhiteElo "1950"]
[BlackElo "1910"]
[PlyCount "78"]
[EventDate "1987.10.??"]
[EventType "team"]
[EventRounds "9"]
[EventCountry "GER"]
[SourceTitle "EXT 1997"]
[Source "ChessBase"]
[SourceDate "1996.11.15"]
[SourceVersion "1"]
[SourceVersionDate "1996.11.15"]
[SourceQuality "1"]
[WhiteTeam "Welper SV"]
[BlackTeam "Neuenkirchen"]
[WhiteTeamCountry "GER"]
[BlackTeamCountry "GER"]

1. e4 e5 2. Nf3 Nc6 3. Bc4 Bc5 4. 0-0 Nf6 5. d4 Bxd4 6. Nxd4 Nxd4 7. Bg5 h6 8. Bh4 d6 9. f4 Bg4 10. Qd2 Be6 11. Bxe6 Nxe6 12. fxe5 dxe5 13. Qxd8+ Rxd8 14. Nc3 Rd2 15. Bxf6 gxf6 16. Nd5 Rxc2 17. Nxf6+ Kd8 18. Rad1+ Nd4 19. Rf5 Ke7 20. Nd5+ Kd6 21. Rf6+ Kc5 22. Rxf7 c6 23. b4+ Kd6 24. Ne3 Re2 25. Nf5+ Ke6 26. Re7+ Kf6 27. Nxd4 exd4 28. Rxb7 Rxa2 29. Rxd4 Ke5 30. Rc4 Rf8 31. h3 Rg8 32. g4 Rf8 33. Rxc6 Rd8 34. Rb5+ Kxe4 35. Rc4+ Kd3 36. Rcc5 Re8 37. Re5 Rc8 38. Rbc5 Rf8 39. Rf5 Re8 1/2-1/2